000 03226nam a22003377a 4500
001 TIC 0039
003 gtcocun
005 20250922164328.0
006 a||||gr|||| 00| 0
007 ta
008 250922b2024 gt ||||| m||| 00| 0 eng d
040 _agtcocun
_bSPA
_cgtcocun
_eRDA
041 _aSPA TIC 0039
084 _0TIC 0039
100 _aOtuc Toribio, Josué Israel
_eAutor
245 _aINFORME FINAL DEL EJERCICIO PROFESIONAL SUPERVISADO, DISEÑO DE CAMINO RURAL COMPRENDIDO DEL CASERÍO SETZIMAAJ HACIA EL CASERÍO SESAQUITUL, Y SISTEMA DE ALCANTARILLADO SANITARIO EN EL BARRIO SAN PEDRO Y SANTA MARÍA, SANTA MARÍA CAHABÓN, ALTA VERAPAZ./
_cJosué Israel Otuc Toribio.
_hImpreso
264 _aCobán, Alta Verapaz:
_bUniversidad de San Carlos de Guatemala, Centro Universitario del Norte, Ingeniería Civil
_c2024
300 _a159 p.:
_bIlustraciones, gráficas.
_c28 cm;
300 _cPDF
336 _2rdacontenido
_aTexto
_btxt
337 _2rdamedio
_aComputadora
_bn
338 _2rdasoporte
_aCódigo en línea
_bcr
502 _eTIC 0039
502 _aTesis de grado
_bIngeniería Civil,
_cUniversidad de San Carlos de Guatemala, Centro Universitario del Norte, Ingeniería Civil
_d2024
_oTIC 0039
520 1 4 _aA través del Ejercicio Profesional Supervisado de la carrera de ingeniería civil, se ha realizado el apoyo técnico al municipio de Santa María Cahabón en la atención a las necesidades de infraestructura vial de la comunidad del caserío Setzimaaj y sanitarias del barrio San Pedro en el área urbana. Se detalla la manera de solventar necesidades y satisfacer problemas desde la especialidad de la carrera a través del diseño y planificación de proyectos, específicamente en la apertura de un camino rural y de un sistema de alcantarillado sanitario en el área urbana. La metodología de la investigación utilizada es la investigación acción pues se centra en la resolución de problemas prácticos en el entorno específico del municipio de Santa María Cahabón. En el área rural se requiere la construcción de una carretera debido a que el nivel económico se encuentra limitado por la falta de acceso vehicular, el diseño de la infraestructura vial se ha realizado en consideración a los aspectos topográficos, ambientales, de tránsito, geológicos, así como factores sociales y potencial de urbanizarse. En el área urbana es alarmante el nivel de contaminación de las aguas domiciliares hacia el río que atraviesa el casco urbano del municipio, por lo que es necesaria su recolección y dirigirlo hacia una planta de tratamiento de aguas residuales, por tal motivo se propone un sistema de alcantarillado sanitario por gravedad mediante tubería colectora y pozos de visita, además de la consideración de la tasa de crecimiento poblacional.
650 1 4 _2LEMB
_aSanta María Cahabón, Alta Verapaz.
_xIngeniería
_xDiseño
_xInfrastructura
_xMetodología
_xPlanificación
_xProyectos
700 _aIng. Jorge Haroldo Dubón Xitumul
_eAsesor
856 _uhttps://drive.google.com/file/d/1PPfYScBSiYNfEW48uHhbHsWCAynaHgy8/view
_yPDF
_zUn ejemplar en línea.
942 _2ddc
_cTES
_iTIC 0039
_kClasificación
_n0
_6TIC_0039_000000000000000
999 _c2037
_d2037